000 01362cam a22003617a 4500
999 _c57522
_d57522
001 15098219
005 20200702111942.0
008 071130s2007 ii a b 001 0 eng d
010 _a 2007299885
020 _a0195686667
020 _a9780195686661
035 _a(OCoLC)ocn141385797
040 _aYDXCP
_cYDX
_dBTCTA
_dBAKER
_dYDXCP
_dGUA
_dDLC
042 _alccopycat
050 0 0 _aTK7871.6
_b.H358 2007
080 _a621.38 H-26
082 0 0 _a621.382/4
_222
100 1 _aHarish, A. R.
_98973
245 1 0 _aAntennas and wave propagation /
_cA.R. Harish, M. Sachidananda.
260 _aNew Delhi ;
_aNew York :
_bOxford University Press,
_c2007.
300 _axviii, 402 p. :
_bill. ;
_c24 cm.
440 0 _aOxford higher education
_98974
504 _aIncludes bibliographical references (p. 397-398) and index.
650 0 _aAntennas (Electronics)
_98975
650 0 _aRadio wave propagation.
_98976
653 _a რადიო ტალღის გავრცელება
653 _aანტენები
700 1 _aSachidananda, M.
_eავტორი
_98977
856 4 1 _3Table of contents only
_uhttp://www.loc.gov/catdir/enhancements/fy0907/2007299885-t.html
906 _a7
_bcbc
_ccopycat
_d2
_encip
_f20
_gy-gencatlg
942 _2udc
_cBK
955 _aps05 2007-11-30 z-processor to ASCD
_ijx13 2007-12-20
_aaa07 2008-01-09